[Event "Spanish Championship"]
[Site "Las Palmas Gran Canaria"]
[Date "2017.10.04"]
[Round "6"]
[White "Santos Latasa, Jaime"]
[Black "Montero Melendez, Rafael"]
[Result "1/2-1/2"]
[WhiteTitle "IM"]
[BlackTitle "FM"]
[WhiteElo "2523"]
[BlackElo "2376"]
[Board "7"]
[WhiteCountry "ESP"]
[WhiteFideId "2293307"]
[WhiteEloChange "-2"]
[BlackCountry "ESP"]
[BlackFideId "2221772"]
[BlackEloChange "4"]

1. Nf3 Nf6 2. c4 c5 3. Nc3 e6 4. e3 b6 5. d4 a6 6. Be2 Bb7 7. O-O d5 8. b3
Bd6 9. Bb2 O-O 10. dxc5 bxc5 11. Qc2 Nbd7 12. Rfd1 Qe7 13. Rac1 Rac8 14.
Bd3 d4 15. Ne4 Bxe4 16. Bxe4 Nxe4 17. Qxe4 f5 18. Qh4 Qxh4 19. Nxh4 Be7 20.
Nf3 e5 21. exd4 cxd4 22. Re1 Bb4 23. Red1 Bc5 24. Ne1 Rfd8 25. Nd3 Bd6 26.
b4 e4 27. c5 Be7 28. Nf4 Bg5 29. g3 Ne5 30. Kg2 Bxf4 31. gxf4 Nd3 32. Rxd3
exd3 33. Kf3 a5 34. a3 d2 35. Rd1 Rb8 36. c6 Rdc8 37. Bxd4 Rxc6 38. Rxd2
axb4 39. Be5 Rb7 40. axb4 Kf7 41. Rd3 Rc4 42. Bc3 Re4 43. Bd2 Ke6 44. Rb3
Kd5 45. Ra3 g6 46. Ra5+ Kc4 47. h4 Kd3 48. Be3 Rexb4 49. h5 gxh5 50. Rxf5
R4b5 51. Rf6 Rg7 52. Rd6+ Kc4 53. Rc6+ Kd5 54. Rh6 Kc4 55. Rc6+ Kb3 56. Rh6
Rf5 57. Ke4 Rgf7 58. Kd3 Rb5 59. Ke4 Kb4 60. Bd4 Rbf5 61. Be5 Kc5 62. Ra6
Kb5 1/2-1/2

[Event "Spanish Championship"]
[Site "Las Palmas Gran Canaria"]
[Date "2017.10.04"]
[Round "6"]
[White "Garza Marco, Sergio"]
[Black "Asis Gargatagli, Hipolito"]
[Result "1/2-1/2"]
[WhiteTitle "IM"]
[BlackTitle "IM"]
[WhiteElo "2409"]
[BlackElo "2519"]
[Board "8"]
[WhiteCountry "ESP"]
[WhiteFideId "2210177"]
[WhiteEloChange "2"]
[BlackCountry "ESP"]
[BlackFideId "2260735"]
[BlackEloChange "-2"]

1. d4 Nf6 2. c4 e6 3. Nc3 Bb4 4. Nf3 O-O 5. Bg5 h6 6. Bh4 c5 7. Rc1 cxd4 8.
Nxd4 d5 9. Bxf6 Qxf6 10. cxd5 exd5 11. e3 Nc6 12. a3 Bxc3+ 13. Rxc3 Nxd4
14. Qxd4 Qg6 15. Kd2 Bf5 16. f3 h5 17. g3 Rfc8 18. Be2 Rxc3 19. bxc3 Qe6
20. a4 b6 21. Ra1 Bg6 22. g4 hxg4 23. Qxg4 Bf5 24. Qd4 Rc8 25. Rg1 Bg6 26.
Rg5 Qh3 27. Qf4 Qe6 28. h4 d4 29. Qxd4 Qa2+ 30. Ke1 Qa1+ 31. Kf2 Qxc3
1/2-1/2

[Event "Spanish Championship"]
[Site "Las Palmas Gran Canaria"]
[Date "2017.10.04"]
[Round "6"]
[White "Gutierrez Olivares, Daniel"]
[Black "Santos Ruiz, Miguel"]
[Result "1-0"]
[WhiteTitle "FM"]
[BlackTitle "IM"]
[WhiteElo "2349"]
[BlackElo "2505"]
[Board "9"]
[WhiteCountry "ESP"]
[WhiteFideId "2264005"]
[WhiteEloChange "14"]
[BlackCountry "ESP"]
[BlackFideId "22291482"]
[BlackEloChange "-7"]

1. e4 c5 2. Nf3 d6 3. d4 cxd4 4. Nxd4 Nf6 5. Nc3 a6 6. h4 e5 7. Nb3 Be7 8.
Bg5 Nbd7 9. a4 b6 10. Bc4 Bb7 11. Qe2 O-O 12. Rd1 Qc7 13. Rh3 Rfc8 14. Nd2
Qd8 15. g4 Nf8 16. Bxf6 Bxf6 17. g5 Be7 18. Rf3 Ne6 19. Rxf7 Rxc4 20. Rxe7
Qxe7 21. Qxc4 Rf8 22. Nb3 Kh8 23. Rd2 Rf4 24. Nd5 Bxd5 25. Qxd5 Rxh4 26.
Qxd6 Qf7 27. Qb8+ Nf8 28. Qxe5 Rh1+ 29. Ke2 h6 30. gxh6 Qc4+ 31. Ke3 Rxh6
32. Rd8 Qf7 33. Nd4 Rf6 34. f3 Kh7 35. Qe8 Qc4 36. Qh5+ Rh6 37. Qf5+ Ng6
38. Ne6 1-0

[Event "Spanish Championship"]
[Site "Las Palmas Gran Canaria"]
[Date "2017.10.04"]
[Round "6"]
[White "Suarez Gomez, Julio"]
[Black "Sanchez Aller, Fernando"]
[Result "0-1"]
[WhiteTitle "FM"]
[BlackTitle "FM"]
[WhiteElo "2485"]
[BlackElo "2341"]
[Board "10"]
[WhiteCountry "ESP"]
[WhiteFideId "22275991"]
[WhiteEloChange "-7"]
[BlackCountry "ESP"]
[BlackFideId "2222892"]
[BlackEloChange "14"]

1. d4 Nf6 2. Nf3 g6 3. Nc3 d5 4. Bf4 c6 5. e3 Nbd7 6. h3 Bg7 7. Be2 O-O 8.
O-O Nb6 9. a4 a5 10. Bh2 Bd7 11. Ne5 Nc8 12. Nxd7 Qxd7 13. Nb1 Nd6 14. Nd2
Nfe4 15. Nxe4 Nxe4 16. Qd3 c5 17. c3 cxd4 18. exd4 Nd6 19. Rfe1 e6 20. Qd1
Rfc8 21. Bd3 Nc4 22. Ra2 Bf8 23. Bf4 Bd6 24. Bc1 Bb8 25. Qf3 Qd6 26. g3 Qb6
27. Bc2 Qd8 28. Bd3 Qb6 29. Qd1 Nd6 30. h4 Nf5 31. Qf3 Ng7 32. Kg2 h5 33.
Re2 Bd6 34. Ra1 Be7 35. Bh6 Qd8 36. Rae1 Rc6 37. Kh1 Rb6 38. Rg1 Qd7 39.
Bb5 Rxb5 40. axb5 Nf5 41. Bg5 Bxg5 42. hxg5 Qxb5 43. Kg2 a4 44. Ra1 Qb3 45.
Rd2 b5 46. Qe2 Nd6 47. g4 Qc4 48. gxh5 Qxe2 49. Rxe2 gxh5 50. Rh1 Kg7 51.
Rxh5 Kg6 52. Rh1 Kxg5 53. Ra1 Rc8 54. Kf3 Nc4 55. Rc2 Rb8 56. Kg3 Kf5 57.
Kf3 Rg8 58. Rh1 Rb8 59. Ra1 Rb7 60. Ra2 Rb6 61. Ra1 Rb8 62. Re2 Rh8 63. Kg3
Rb8 64. Kf3 Rg8 65. Rc2 Rh8 66. Kg3 Ke4 67. f3+ Kd3 68. Rf2 Ne3 69. Kf4 f6
70. Re1 Rh4+ 71. Kg3 Rh5 72. Rfe2 Nf5+ 73. Kg2 Ng7 74. Re3+ Kc4 75. Ra1
Rg5+ 76. Kf2 Rg6 77. Re2 f5 78. Ree1 Nh5 79. Ra3 Nf4 80. Rb1 Nd3+ 81. Kf1
Rg3 82. b3+ axb3 83. Raxb3 Rxf3+ 84. Kg2 Rf2+ 85. Kg1 Re2 86. Kf1 Re3 87.
Ra3 Rh3 88. Kg1 f4 89. Ra6 Kxc3 90. Rxb5 f3 91. Rb1 Nf4 92. Rd1 Kc2 93. Rf1
Ne2+ 94. Kf2 Nxd4 95. Ke3 e5 96. Rf2+ Kc3 97. Rf6 Nc2+ 0-1

[Event "Spanish Championship"]
[Site "Las Palmas Gran Canaria"]
[Date "2017.10.04"]
[Round "6"]
[White "Alvarado Diaz, Alejandro"]
[Black "Alshameary Puente, Ismael"]
[Result "1-0"]
[WhiteTitle "IM"]
[BlackTitle "FM"]
[WhiteElo "2407"]
[BlackElo "2333"]
[Board "11"]
[WhiteCountry "ESP"]
[WhiteFideId "2276119"]
[WhiteEloChange "4"]
[BlackCountry "ESP"]
[BlackFideId "2225166"]
[BlackEloChange "-8"]

1. e4 c5 2. Nc3 a6 3. g3 b5 4. Bg2 Bb7 5. d3 e6 6. Nh3 b4 7. Nb1 d5 8. O-O
Nf6 9. Nd2 Be7 10. Nf4 Nc6 11. exd5 exd5 12. Nb3 O-O 13. c3 a5 14. Be3 Qb6
15. d4 cxd4 16. cxd4 Rad8 17. Rc1 Rfe8 18. Nc5 Bxc5 19. Rxc5 Ne7 20. Qa4
Nf5 21. Qxa5 Qxa5 22. Rxa5 Ra8 23. Rxa8 Rxa8 24. Ra1 b3 25. a4 Nxe3 26.
fxe3 Re8 27. a5 Rxe3 28. a6 Ba8 29. Rc1 g5 30. Rc8+ Kg7 31. Rxa8 gxf4 32.
Rb8 Re1+ 33. Bf1 Ng4 34. gxf4 Ne3 35. Kf2 Rxf1+ 36. Kxe3 Ra1 37. Ra8 Ra2
38. a7 Kf6 39. Kd3 Kf5 40. Kc3 Kxf4 41. Kxb3 Ra6 42. Kc3 Rc6+ 43. Kd3 Rc7
44. b4 1-0

[Event "Spanish Championship"]
[Site "Las Palmas Gran Canaria"]
[Date "2017.10.04"]
[Round "6"]
[White "Arizmendi Martinez, Julen Luis"]
[Black "Garcia Blanco, Omar"]
[Result "1-0"]
[WhiteTitle "GM"]
[BlackTitle "FM"]
[WhiteElo "2513"]
[BlackElo "2241"]
[Board "12"]
[WhiteCountry "ESP"]
[WhiteFideId "2205092"]
[WhiteEloChange "2"]
[BlackCountry "ESP"]
[BlackFideId "2287153"]
[BlackEloChange "-3"]

1. d4 Nf6 2. Nf3 c5 3. d5 g6 4. Nc3 Bg7 5. e4 O-O 6. Be2 d6 7. O-O Na6 8.
h3 Nc7 9. a4 b6 10. Re1 Bb7 11. Bf4 a6 12. Bc4 Qd7 13. Qd3 Nh5 14. Bh2 b5
15. axb5 Bxc3 16. Qxc3 axb5 17. Rxa8 Rxa8 18. Be2 Nf6 19. Qe3 Ra2 20. Rb1
Qd8 21. c4 bxc4 22. Bxc4 Ra4 23. b3 Ra3 24. e5 dxe5 25. Bxe5 Ncxd5 26. Qxc5
Ra5 27. Qd4 Qb6 28. Qh4 Nb4 29. Bd4 Qd6 30. Bc3 Ne4 31. Bxf7+ Kxf7 32.
Qxh7+ Ke8 33. Bxb4 Qxb4 34. Qxg6+ Kf8 35. Rd1 Rd5 36. Re1 Rd6 37. Qh7 Rf6
38. Qh8+ Kf7 39. Ne5+ Ke6 40. Nd3 Qd4 41. Qg8+ Kd7 42. Qb8 Bc6 43. Ne5+ Ke6
44. Ng4 Rxf2 45. Qg8+ Rf7+ 46. Kh1 Qd2 47. Qg6+ Kd7 48. Ne5+ Kd8 49. Nxc6+
Kc7 50. Qxe4 1-0

[Event "Spanish Championship"]
[Site "Las Palmas Gran Canaria"]
[Date "2017.10.04"]
[Round "6"]
[White "Bernabeu Lopez, Carlos Javier"]
[Black "Cuenca Jimenez, Jose Fernando"]
[Result "0-1"]
[WhiteTitle "FM"]
[BlackTitle "GM"]
[WhiteElo "2335"]
[BlackElo "2490"]
[Board "13"]
[WhiteCountry "ESP"]
[WhiteFideId "2235366"]
[WhiteEloChange "-6"]
[BlackCountry "ESP"]
[BlackFideId "2255570"]
[BlackEloChange "3"]

1. e4 c5 2. Nf3 e6 3. g3 d5 4. exd5 exd5 5. d4 Nf6 6. Bg2 Be7 7. O-O O-O 8.
Nc3 Nc6 9. Bg5 cxd4 10. Nxd4 h6 11. Bf4 Qb6 12. Be3 Qxb2 13. Nxd5 Nxd5 14.
Bxd5 Bh3 15. Rb1 Qa3 16. Rxb7 Nxd4 17. Bxd4 Qd6 18. Qh5 Bxf1 19. Kxf1 Rad8
20. c4 Bf6 21. Bxa7 Kh8 22. Bb6 Rc8 23. c5 Rxc5 24. Bxc5 Qxc5 25. Rxf7 Rd8
26. Rd7 Qb5+ 0-1

[Event "Spanish Championship"]
[Site "Las Palmas Gran Canaria"]
[Date "2017.10.04"]
[Round "6"]
[White "Serarols Mabras, Bernat"]
[Black "Suarez Garcia, Carlos"]
[Result "0-1"]
[WhiteTitle "FM"]
[BlackTitle "IM"]
[WhiteElo "2218"]
[BlackElo "2463"]
[Board "14"]
[WhiteCountry "ESP"]
[WhiteFideId "2238276"]
[WhiteEloChange "-4"]
[BlackCountry "ESP"]
[BlackFideId "22230858"]
[BlackEloChange "2"]

1. d4 d6 2. g3 g6 3. Nf3 Bg7 4. c4 c5 5. d5 b5 6. cxb5 a6 7. bxa6 Nf6 8.
Nc3 O-O 9. Bg2 Bf5 10. O-O Ne4 11. Nxe4 Bxe4 12. Bh3 Bxf3 13. exf3 Nxa6 14.
Re1 Ra7 15. a3 Nc7 16. Bf1 Qd7 17. Rb1 Rb8 18. b3 Qf5 19. Bd3 Qxd5 20. Rxe7
Bf6 21. Re1 Qc6 22. f4 d5 23. f5 Nb5 24. Qg4 Nd4 25. Bf4 Rd8 26. Be5 h5 27.
Qd1 Bxe5 28. Rxe5 Qf6 29. f4 Nc6 30. Re1 Rxa3 31. fxg6 fxg6 32. Kh1 Ra2 33.
Re2 Rxe2 34. Qxe2 Nd4 35. Qe3 Kg7 36. Ra1 Rd7 37. Ra6 Re7 38. Qd2 Re6 39.
Ra7+ Re7 40. Ra6 Ne6 41. Kg2 c4 42. f5 Nf4+ 43. Qxf4 Qxa6 44. bxc4 dxc4 45.
Bxc4 Qc6+ 46. Kh3 Re4 47. f6+ Kh7 48. Bg8+ Kxg8 49. f7+ Kf8 50. Qh6+ Kxf7
51. Qh7+ Kf6 52. Qh8+ Ke7 53. Qg7+ Kd8 0-1

[Event "Spanish Championship"]
[Site "Las Palmas Gran Canaria"]
[Date "2017.10.04"]
[Round "6"]
[White "Espinosa Aranda, Angel"]
[Black "Ramirez Medina, Victor"]
[Result "1-0"]
[WhiteTitle "IM"]
[WhiteElo "2453"]
[BlackElo "2228"]
[Board "15"]
[WhiteCountry "ESP"]
[WhiteFideId "2278189"]
[WhiteEloChange "2"]
[BlackCountry "ESP"]
[BlackFideId "22286942"]
[BlackEloChange "-4"]

1. d4 Nf6 2. Nf3 e6 3. c4 d5 4. g3 Be7 5. Bg2 O-O 6. b3 dxc4 7. bxc4 c5 8.
e3 cxd4 9. exd4 Bb4+ 10. Bd2 Bxd2+ 11. Nbxd2 Nc6 12. Nb3 Qc7 13. O-O Rd8
14. Qe2 Bd7 15. Rfd1 Be8 16. Rac1 Rac8 17. Bh3 Rb8 18. Ng5 a5 19. Qe3 h6
20. Nf3 Qe7 21. Nc5 b6 22. Ne4 Nxe4 23. Qxe4 Qa3 24. Qe3 Qxa2 25. g4 Qa4
26. g5 hxg5 27. Nxg5 Qb4 28. Nxe6 fxe6 29. Bxe6+ Bf7 30. Bxf7+ Kxf7 31.
Qf3+ Kg8 32. Qxc6 Rd6 33. Qe4 Rbd8 34. Rd3 Rh6 35. Rg3 Qd2 36. Re1 Qxd4 37.
Qxd4 Rxd4 38. Re7 Rxc4 39. Rgxg7+ Kh8 40. Ra7 Rc8 41. Kg2 Rg8 42. Rxg8+
Kxg8 43. f4 Rh7 44. Ra8+ Kf7 45. Kg3 Rh6 46. h4 Kf6 47. Rf8+ Kg7 48. Rb8
Rg6+ 49. Kf3 Rc6 50. h5 Kh6 51. Kg4 Rd6 52. Kf5 Rc6 53. Rh8+ Kg7 54. Re8 a4
55. Kg5 Rc7 56. h6+ Kh7 57. f5 a3 58. Ra8 Rb7 59. Rxa3 b5 60. f6 b4 61. Rf3
b3 62. f7 b2 1-0

[Event "Spanish Championship"]
[Site "Las Palmas Gran Canaria"]
[Date "2017.10.04"]
[Round "6"]
[White "Vega Gutierrez, Sabrina"]
[Black "Perez Perez, Gabriel"]
[Result "1-0"]
[WhiteTitle "IM"]
[WhiteElo "2373"]
[BlackElo "2037"]
[Board "16"]
[WhiteCountry "ESP"]
[WhiteFideId "2219026"]
[WhiteEloChange "3"]
[BlackCountry "ESP"]
[BlackFideId "32089147"]
[BlackEloChange "-3"]

1. d4 Nf6 2. c4 g6 3. Nc3 Bg7 4. e4 d6 5. h3 O-O 6. Nf3 Na6 7. Be3 e5 8. d5
Nc5 9. Nd2 a5 10. g4 Nfd7 11. h4 f5 12. gxf5 gxf5 13. exf5 Rxf5 14. Nde4
Rf8 15. Rg1 Nxe4 16. Nxe4 Kh8 17. Bd3 Nf6 18. Rxg7 Kxg7 19. Bg5 h6 20. Nxf6
hxg5 21. hxg5 Rxf6 22. Qh5 Qg8 23. gxf6+ Kxf6 24. Qh6+ Ke7 25. O-O-O Qf8
26. Qh7+ Qf7 27. Rh1 Qxh7 28. Rxh7+ Kf6 29. Rxc7 Rb8 30. Kd2 Bh3 31. Rh7
Bg4 32. Ke3 b6 33. f3 Bc8 34. Rh8 Ra8 35. Bf1 Bb7 36. Rh6+ Kg5 37. Rxd6 1-0

[Event "Spanish Championship"]
[Site "Las Palmas Gran Canaria"]
[Date "2017.10.04"]
[Round "6"]
[White "Vega Gutierrez, Belinda"]
[Black "Martin Duque, Jesus"]
[Result "1-0"]
[WhiteTitle "WIM"]
[BlackTitle "FM"]
[WhiteElo "2150"]
[BlackElo "2387"]
[Board "17"]
[WhiteCountry "ESP"]
[WhiteFideId "2229994"]
[WhiteEloChange "16"]
[BlackCountry "ESP"]
[BlackFideId "2208954"]
[BlackEloChange "-16"]

1. e4 c5 2. Ne2 e6 3. g3 Nc6 4. Bg2 Nf6 5. O-O a6 6. c3 d5 7. exd5 exd5 8.
d4 cxd4 9. Nxd4 Be7 10. Be3 O-O 11. h3 Re8 12. Nd2 Bd6 13. Re1 Bd7 14. Qc2
Rc8 15. Rad1 Rxe3 16. fxe3 Bxg3 17. Rf1 Nxd4 18. exd4 Nh5 19. Rf3 Qg5 20.
Nf1 Bf4 21. Qf2 Bf5 22. h4 Qh6 23. Bh3 Bxh3 24. Rxh3 Nf6 25. Ne3 Re8 26.
Ng2 Bd6 27. Rf1 Re7 28. Ne3 Qh5 29. Qg2 Re6 30. Rf5 Qh6 31. Qg5 Qg6 32. Kf1
Ne4 33. Qxg6 hxg6 34. Rxd5 Ng3+ 35. Kf2 f5 36. Nc4 Ne4+ 37. Kg2 Bc7 38. Rd7
Rc6 39. Ne5 Bxe5 40. dxe5 b5 41. a3 Re6 42. Rd5 Kh7 43. Kf3 Kh6 44. Kf4 Rc6
45. Rhd3 Kh5 46. Rd6 Rc8 47. Rd1 Nf2 48. Rf1 Rc4+ 49. Kf3 Ng4 50. Re1 g5
51. hxg5 Kxg5 52. e6 Rf4+ 53. Kg3 Nf6 54. Rd4 Rxd4 55. cxd4 f4+ 56. Kf3 1-0

[Event "Spanish Championship"]
[Site "Las Palmas Gran Canaria"]
[Date "2017.10.04"]
[Round "6"]
[White "Brito Garcia, Alfredo"]
[Black "Gonzalez Garcia, Zoilo"]
[Result "1-0"]
[WhiteTitle "IM"]
[WhiteElo "2351"]
[BlackElo "2003"]
[Board "18"]
[WhiteCountry "ESP"]
[WhiteFideId "2200520"]
[WhiteEloChange "2"]
[BlackCountry "ESP"]
[BlackFideId "32027109"]
[BlackEloChange "-2"]

1. d4 Nf6 2. c4 e6 3. Nf3 b6 4. g3 Bb7 5. Bg2 Be7 6. O-O O-O 7. Nc3 d6 8.
Qc2 c5 9. d5 exd5 10. cxd5 Na6 11. Rd1 Re8 12. a3 Nc7 13. e4 Bf8 14. b3 g6
15. Bb2 b5 16. b4 cxb4 17. axb4 a5 18. bxa5 b4 19. Na4 Nxe4 20. Nb6 Ra7 21.
Nd4 Nc3 22. Bxc3 bxc3 23. Qxc3 Bg7 24. Rab1 Na6 25. Qc4 Nc5 26. Nc6 Bxc6
27. dxc6 Rxa5 28. Nd5 Ra4 29. Qb5 Ra2 30. c7 Qc8 31. Qxe8+ 1-0

[Event "Spanish Championship"]
[Site "Las Palmas Gran Canaria"]
[Date "2017.10.04"]
[Round "6"]
[White "Prado Acebo, Ines"]
[Black "Suarez Uriel, Adrian"]
[Result "0-1"]
[WhiteTitle "WFM"]
[BlackTitle "FM"]
[WhiteElo "2104"]
[BlackElo "2406"]
[Board "19"]
[WhiteCountry "ESP"]
[WhiteFideId "22251235"]
[WhiteEloChange "-3"]
[BlackCountry "ESP"]
[BlackFideId "22230874"]
[BlackEloChange "1"]

1. d4 Nf6 2. c4 g6 3. Nc3 d5 4. cxd5 Nxd5 5. e4 Nxc3 6. bxc3 Bg7 7. Nf3 c5
8. Be3 Qa5 9. Nd2 cxd4 10. Nc4 Qd8 11. cxd4 O-O 12. Rc1 Nd7 13. Be2 b5 14.
Nd2 a6 15. O-O Bb7 16. Qb3 e6 17. a4 Nb6 18. axb5 a5 19. Rfd1 a4 20. Qa2 a3
21. Bf4 Qxd4 22. Be3 Qb2 23. Rc2 Qxa2 24. Rxa2 Na4 25. Rxa3 Nc3 26. Rxa8
Rxa8 27. Re1 Nxe2+ 28. Rxe2 Ra1+ 29. Nf1 Bxe4 30. Rd2 Bd5 31. Rc2 h5 32. b6
Bb7 33. Rc7 Ba6 34. Rc1 Rxc1 35. Bxc1 Kf8 36. Bf4 Bd4 37. Be3 e5 38. Nd2
Ke7 39. Nc4 Bc3 40. Bd2 Bxd2 41. Nxd2 Kd6 42. Ne4+ Kc6 43. b7 Bxb7 44. Ng5
f5 45. Nf7 Kd5 46. Nh8 g5 47. g4 hxg4 48. Nf7 Bc8 49. Nxg5 f4 50. Nh7 Bf5
51. Nf6+ Kd4 52. Ne8 Kd3 53. Nd6 Bg6 54. Kf1 e4 55. Nc8 e3 56. fxe3 Kxe3
57. Ne7 Be4 0-1

[Event "Spanish Championship"]
[Site "Las Palmas Gran Canaria"]
[Date "2017.10.04"]
[Round "6"]
[White "Herrera Reyes, Jose Antonio"]
[Black "Barrenechea Bahamonde, Gustavo"]
[Result "1-0"]
[WhiteTitle "FM"]
[WhiteElo "2323"]
[BlackElo "2110"]
[Board "20"]
[WhiteCountry "ESP"]
[WhiteFideId "2274914"]
[WhiteEloChange "5"]
[BlackCountry "ESP"]
[BlackFideId "2254425"]
[BlackEloChange "-5"]

1. Nf3 d5 2. d3 c5 3. Nbd2 Nc6 4. g3 Nf6 5. Bg2 e6 6. O-O g6 7. c3 Bg7 8.
b4 Nd7 9. b5 Ne7 10. Qb3 O-O 11. e4 b6 12. exd5 exd5 13. d4 a6 14. bxa6
Bxa6 15. Re1 Re8 16. a4 h6 17. Ba3 Qc7 18. Nh4 Nf6 19. a5 Rab8 20. axb6
Rxb6 21. Qd1 cxd4 22. cxd4 Bd3 23. Bc5 Ra6 24. Rc1 Qd7 25. Ndf3 Be4 26. Ne5
Qa4 27. Qxa4 Rxa4 28. Bf1 Raa8 29. f3 g5 30. Ng2 Bf5 31. Bb5 Reb8 32. Bc6
Ra2 33. Bxe7 Rbb2 34. Ne3 Nd7 35. Bxd5 Nxe5 36. dxe5 1-0

[Event "Spanish Championship"]
[Site "Las Palmas Gran Canaria"]
[Date "2017.10.04"]
[Round "6"]
[White "Alvarez Fernandez, Enrique"]
[Black "Perez Garcia, Roberto"]
[Result "1-0"]
[WhiteTitle "FM"]
[WhiteElo "2314"]
[BlackElo "2104"]
[Board "21"]
[WhiteCountry "ESP"]
[WhiteFideId "2227398"]
[WhiteEloChange "5"]
[BlackCountry "ESP"]
[BlackFideId "2217708"]
[BlackEloChange "-5"]

1. d4 d5 2. c4 dxc4 3. Nf3 Nf6 4. e3 b5 5. a4 b4 6. Bxc4 e6 7. O-O Be7 8.
b3 O-O 9. Bb2 Bb7 10. Nbd2 Nbd7 11. Qe2 c5 12. Rfd1 cxd4 13. Nxd4 Nb6 14.
Ba6 Qc8 15. Bxb7 Qxb7 16. Rac1 Rac8 17. Qb5 a6 18. Qd3 Rfd8 19. Rxc8 Qxc8
20. Rc1 Qb7 21. Nc4 Ng4 22. Nxb6 Qxb6 23. Qe4 Nf6 24. Qc6 Qa5 25. Qb7 Rd7
26. Nc6 Rxb7 27. Nxa5 Rd7 28. Bd4 h5 29. Kf1 Nd5 30. Rc8+ Kh7 31. Rc4 f6
32. Nc6 e5 33. Bb2 Nb6 34. Rc2 Bf8 35. Ke2 e4 36. Bd4 Nd5 37. Rc4 Bd6 38.
h3 Kg6 39. Bb2 f5 40. Be5 Kh7 41. Bb2 Kg8 42. f3 Rc7 43. fxe4 fxe4 44. Bd4
Kh7 45. Na5 Rf7 46. Rc1 Bg3 47. Rf1 Rc7 48. Nc4 h4 49. Kd2 Kg8 50. Rf5 Rd7
51. Ke2 Rd8 52. Kd2 Rd7 53. Rf1 Rd8 54. Ke2 Rd7 55. Bb2 Nc7 56. Rd1 Rf7 57.
Rf1 Rd7 58. Bd4 Nd5 59. Nd2 Rc7 60. Nxe4 Rc2+ 61. Kf3 Bc7 62. Rf2 Rc1 63.
Kg4 Rb1 64. Nd2 Rd1 65. Kxh4 Bd8+ 66. Kg3 Nf6 67. Kf3 Be7 68. Ke2 Rc1 69.
Rf1 Rc2 70. Kd3 Rc7 71. Bxf6 Bxf6 72. Nc4 Rd7+ 73. Ke2 Rd5 74. g4 Rd7 75.
Rf5 Bh4 76. Rh5 g5 77. Rh6 Rf7 78. Rxa6 Rf2+ 79. Kd3 Rf3 80. Ra8+ Kg7 81.
a5 1-0

[Event "Spanish Championship"]
[Site "Las Palmas Gran Canaria"]
[Date "2017.10.04"]
[Round "6"]
[White "Massanet Massanet, Sebastian"]
[Black "Sarmiento Afonso, Santiago"]
[Result "0-1"]
[BlackTitle "FM"]
[WhiteElo "2290"]
[BlackElo "2050"]
[Board "22"]
[WhiteCountry "ESP"]
[WhiteFideId "2278600"]
[WhiteEloChange "-16"]
[BlackCountry "ESP"]
[BlackFideId "2224160"]
[BlackEloChange "16"]

1. e4 e5 2. Nf3 Nc6 3. Bb5 a6 4. Ba4 Nf6 5. O-O b5 6. Bb3 Be7 7. Re1 O-O 8.
d4 d6 9. c3 Bg4 10. Be3 Na5 11. Bc2 Nc4 12. Bc1 c5 13. b3 Nb6 14. dxe5 Bxf3
15. Qxf3 dxe5 16. Nd2 g6 17. Qe2 Qc7 18. c4 b4 19. Nf1 Nh5 20. g3 Ng7 21.
Ne3 Ne6 22. Bb2 Nd4 23. Bxd4 cxd4 24. Nd5 Nxd5 25. cxd5 Rfc8 26. Bd3 a5 27.
Ba6 Rcb8 28. Rac1 Qa7 29. Rc6 Rb6 30. Bb5 Rab8 31. Ba4 Rxc6 32. Bxc6 Qc5
33. Kg2 Qc3 34. Rd1 Rb6 35. Rd3 Qc5 36. Rd2 Bg5 37. Rc2 Qd6 38. Bb5 Kg7 39.
Rc8 Bd8 40. Qc4 h5 41. Ba4 h4 42. Ra8 hxg3 43. hxg3 Rb8 44. Ra6 Bb6 45. Bc6
Bc7 46. Ra7 Bb6 47. Ra6 Qf6 48. Qd3 Qd6 49. Qb5 Qd8 50. Qd3 Qf6 51. Bd7 Qd6
52. Bg4 Qd8 53. f4 exf4 54. gxf4 Qh4 55. Qg3 Qe7 56. Bf3 Qb7 57. Be2 Rc8
58. Qd3 Rh8 59. Kg3 Qe7 60. Bf1 Qh4+ 61. Kf3 Qh1+ 62. Ke2 Rh2+ 63. Ke1 Rxa2
64. Rxb6 Qh4+ 65. Kd1 Qf2 66. Rc6 a4 67. f5 Ra1+ 68. Rc1 Ra2 69. f6+ Kxf6
70. e5+ Kxe5 71. d6 axb3 72. d7 b2 73. Rc5+ Kf4 0-1

[Event "Spanish Championship"]
[Site "Las Palmas Gran Canaria"]
[Date "2017.10.04"]
[Round "6"]
[White "Garcia Romero, Benjamin Abel"]
[Black "Pena Torres, Jose Carlos"]
[Result "1/2-1/2"]
[WhiteElo "2239"]
[BlackElo "2014"]
[Board "23"]
[WhiteCountry "ESP"]
[WhiteFideId "2221926"]
[WhiteEloChange "-6"]
[BlackCountry "ESP"]
[BlackFideId "2206617"]
[BlackEloChange "6"]

1. e4 e6 2. d4 d5 3. Nc3 Bb4 4. Ne2 Ne7 5. a3 Bxc3+ 6. Nxc3 O-O 7. Bg5 f6
8. Be3 dxe4 9. Bc4 f5 10. Qd2 Nd5 11. Bg5 e3 12. fxe3 Qxg5 13. Nxd5 exd5
14. Bxd5+ Kh8 15. O-O-O Nc6 16. h4 Qh6 17. h5 Be6 18. Bxe6 Qxe6 19. d5 Qf6
20. dxc6 Qxc6 21. h6 gxh6 22. Qd4+ Qf6 23. Qf4 Qg5 24. Rd7 Qxf4 25. exf4
Rg8 26. Re1 Rg7 27. Rxg7 Kxg7 28. Re7+ Kg6 29. Rxc7 b6 30. b4 b5 31. Kb2 a6
32. a4 bxa4 33. Ka3 Kh5 34. c4 Rg8 35. Rxh7 Rxg2 36. Rf7 Rc2 37. Rxf5+ Kg4
38. Rf6 h5 39. c5 a5 40. Kxa4 axb4 41. Kxb4 h4 42. Kb5 h3 43. Rh6 h2 44. c6
Kxf4 45. Kb6 Kg3 46. c7 Rxc7 47. Kxc7 Kg2 48. Rxh2+ 1/2-1/2

[Event "Spanish Championship"]
[Site "Las Palmas Gran Canaria"]
[Date "2017.10.04"]
[Round "6"]
[White "Abreu Suarez, Isauro"]
[Black "Gomez Dieguez, David"]
[Result "1/2-1/2"]
[WhiteElo "2050"]
[BlackElo "2207"]
[Board "24"]
[WhiteCountry "ESP"]
[WhiteFideId "2205734"]
[WhiteEloChange "4"]
[BlackCountry "ESP"]
[BlackFideId "22223630"]
[BlackEloChange "-4"]

1. b4 d5 2. Bb2 Nf6 3. e3 Bf5 4. Nf3 e6 5. c4 c6 6. a3 a5 7. c5 Nbd7 8. Be2
axb4 9. axb4 Rxa1 10. Bxa1 Qa8 11. Nc3 e5 12. O-O Be7 13. d3 O-O 14. e4
dxe4 15. dxe4 Bg6 16. Bb2 Rd8 17. Qb3 Qb8 18. Re1 b6 19. Bf1 bxc5 20. b5
cxb5 21. Bxb5 Qb7 22. Qc4 Nb6 23. Qe2 Qc7 24. h3 Nc8 25. Nd5 Nxd5 26. Bxe5
Qb6 27. exd5 Rxd5 28. Bc4 Rd8 29. Bc3 h6 30. Ne5 Bf6 31. Qg4 Kh7 32. Nd7
Rxd7 33. Bxf6 Qxf6 34. Qxd7 Nb6 35. Qb5 Qc3 36. Re3 Qc1+ 37. Bf1 Nd5 38.
Re8 Nc3 39. Qb8 Bf5 40. Rh8+ Kg6 41. Qg3+ Kf6 42. Kh2 Ne4 43. Qh4+ g5 44.
Qxh6+ Bg6 45. Re8 Qf4+ 46. Kh1 Nxf2+ 47. Kg1 Qg3 48. Qh8+ Kf5 49. Re2 Ne4
50. Qc8+ Kf6 51. Qh8+ Ke7 52. Qb2 Qd6 53. Re3 Qf4 54. Re1 Qd6 55. Ra1 Bf5
56. Ra7+ Bd7 57. Bb5 Qd1+ 58. Kh2 Qd6+ 59. Kg1 Qd1+ 60. Kh2 Qd6+ 61. Kg1
1/2-1/2